Poemes d'Italia / (Record no. 138917)

MARC details
000 -LEADER
campo de control de longitud fija 00494nam a2200181 4500
001 - NÚMERO DE CONTROL
campo de control 138917
003 - IDENTIFICADOR DE NÚMERO DE CONTROL
campo de control ES-MaACL
005 - FECHA Y HORA DE LA ÚLTIMA TRANSACCIÓN
campo de control 20230906195651.0
007 - CAMPO FIJO DE DESCRIPCIÓN FÍSICA--INFORMACIÓN GENERAL
campo de control de longitud fija t|
008 - DATOS DE LONGITUD FIJA--INFORMACIÓN GENERAL
campo de control de longitud fija 070214s1956 sp r ||||1| cat d
100 1# - ENTRADA PRINCIPAL--NOMBRE DE PERSONA
Nombre de persona Saperas, Miquel.
9 (RLIN) 103713
245 10 - MENCIÓN DEL TÍTULO
Título Poemes d'Italia /
Mención de responsabilidad, etc. Miquel Saperas ; portic de Pere Ribot.
250 ## - MENCION DE EDICION
Mención de edición 2ª. ed.
260 ## - PUBLICACIÓN, DISTRIBUCIÓN, ETC.
Lugar de publicación, distribución, etc. Barcelona :
Nombre del editor, distribuidor, etc. Altés,
Fecha de publicación, distribución, etc. 1956.
300 ## - DESCRIPCIÓN FÍSICA
Extensión 71 p. ;
Dimensiones 17 cm.
700 1# - ENTRADA AGREGADA--NOMBRE PERSONAL
Nombre de persona Ribot, Pere.
9 (RLIN) 96837
852 ## - LOCALIZACIÓN
Ubicación ES-MaACL
Número de control de estantería C-11945
Sublocalización o colección R.39832
Holdings
Estatus retirado Estado de pérdida Estado de daño No para préstamo Biblioteca de origen Biblioteca actual Ubicación en estantería Fecha de adquisición Fuente de adquisición Total de préstamos Signatura topográfica completa Código de barras Visto por última vez Precio de reemplazo Tipo de ítem Koha
        Biblioteca del Ateneo de Madrid Biblioteca del Ateneo de Madrid Sala Palomar 17/01/2008     C-11945 1144559 23/02/2023 23/02/2023 Libro impreso